000 00333nam a2200109Ia 4500
008 171204s9999 xx 000 0 und d
245 4 _aThe Documentary Film Reader: History, Theory, Criticism:
245 _cJonathan Kahana
260 _c2016
650 _xINTRODUCTION TO FILM
856 _uhttp://down.ebook777.com/051/0199739641.pdf
999 _c346106
_d346106